Giảng đường yêu dấu Tiểu thuyết
TM giới thiệu tác phẩm đạt giải văn học tuổi 20 lần 4 - 2010 tr.145-148; Tác phẩm đạt giải ba Giải thưởng văn học tuổi 20, lần 4 - 2010
Na minha lista:
| Autor principal: | |
|---|---|
| Formato: | Livro |
| Idioma: | Undetermined |
| Publicado em: |
Tp.HCM
Trẻ
2010
|
| Assuntos: | |
| Acesso em linha: | http://lrc.tdmu.edu.vn/opac/search/detail.asp?aID=2&ID=14848 |
| Tags: |
Adicionar Tag
Sem tags, seja o primeiro a adicionar uma tag!
|
| Thư viện lưu trữ: | Trung tâm Học liệu Trường Đại học Thủ Dầu Một |
|---|
| LEADER | 01001nam a2200217Ia 4500 | ||
|---|---|---|---|
| 001 | TDMU_14848 | ||
| 008 | 210410s9999 xx 000 0 und d | ||
| 082 | |a 895.92234 | ||
| 090 | |b M103 | ||
| 100 | |a Mai, Anh Tuấn | ||
| 245 | 0 | |a Giảng đường yêu dấu | |
| 245 | 0 | |b Tiểu thuyết | |
| 245 | 0 | |c Mai Anh Tuấn | |
| 260 | |a Tp.HCM | ||
| 260 | |b Trẻ | ||
| 260 | |c 2010 | ||
| 300 | |a 149tr. | ||
| 520 | |a TM giới thiệu tác phẩm đạt giải văn học tuổi 20 lần 4 - 2010 tr.145-148; Tác phẩm đạt giải ba Giải thưởng văn học tuổi 20, lần 4 - 2010 | ||
| 650 | |a Tiểu thuyết Việt Nam; Văn học Việt Nam |y Thế kỷ 21 |x Tiểu thuyết; Giải thưởng văn học tuổi 20 |y Lần 4 - 2010 |x Tác phẩm đạt giải |x Tiểu thuyết | ||
| 856 | |u http://lrc.tdmu.edu.vn/opac/search/detail.asp?aID=2&ID=14848 | ||
| 980 | |a Trung tâm Học liệu Trường Đại học Thủ Dầu Một | ||